| 000 | 00502nam a22001937a 4500 | ||
|---|---|---|---|
| 003 | MPLRDC | ||
| 005 | 20220104154908.0 | ||
| 008 | 210129b ||||| |||| 00| 0 eng d | ||
| 020 | _a986-7524-01-2 | ||
| 082 | _a177.2 TXC | ||
| 100 | _a童小畅 | ||
| 245 |
_a洛克菲勒给追求成功的25个忠告 _c |
||
| 250 | _a初版 | ||
| 260 |
_a台湾 _b咖啡田文化馆 _c2003 |
||
| 300 | _b211 | ||
| 490 | _a向大师取经. 003 | ||
| 650 | _a应用心理学--成功法 | ||
| 942 |
_cBK _o177.2 TXC |
||
| 999 |
_c54214 _d54204 |
||